Mexican players in European Big Five (2000-) - Statistics

General Stats
  • This quiz has been taken 39 times
  • The average score is 17 of 47
Answer Stats
Ranking Player Positions Nationality Matches Goals (assists) Periods Clubs % Correct
4 Javier Hernández FW 244 89 (18) 2010-2020
100%
11 Hirving Lozano MF, FW 120 23 (12) 2019-2023
88%
46 Carlos Ochoa FW 3 0 (0) 2002-2003
84%
6 Guillermo Ochoa GK 202 0 (0) 2011-2013, 2015-2016, 2022-2024
84%
8 Giovani dos Santos MF, FW 147 26 (21) 2007-2015
81%
13 Jonathan dos Santos MF 102 4 (5) 2009-2017
81%
3 Rafael Márquez DF, MF 265 12 (9) 2000-2009, 2014-2016
81%
5 Raúl Jiménez FW 218 60 (23) 2014-2015, 2018-2025
81%
19 Héctor Herrera MF 58 0 (3) 2019-2022
78%
2 Carlos Vela MF, FW 289 74 (41) 2007-2018
69%
1 Andrés Guardado DF, MF, FW 331 17 (34) 2007-2010, 2012-2013, 2017-2024
66%
17 Edson Álvarez DF, MF 59 1 (2) 2023-2025
66%
39 Santiago Giménez FW 14 5 (2) 2024-2025
66%
25 Francisco Javier Rodríguez DF 40 2 (1) 2011-2013
44%
7 Héctor Moreno DF 156 9 (4) 2011-2014, 2017-2019
44%
26 Julian Araujo DF 37 1 (0) 2023-2025
44%
31 Jesús Corona DF, MF, FW 24 3 (4) 2021-2024
41%
9 Néstor Araujo DF 133 4 (2) 2018-2022
41%
30 Miguel Layún DF, MF 29 3 (1) 2009-2010, 2015-2016, 2017-2019
34%
10 Johan Vásquez DF 126 6 (1) 2021-2025
31%
23 Marco Fabián MF, FW 43 8 (6) 2015-2019
31%
14 Ricardo Osorio DF 73 1 (4) 2006-2010
31%
15 Pável Pardo MF 71 4 (11) 2006-2009
28%
24 César Montes DF 41 3 (0) 2022-2024
25%
32 Carlos Salcido DF, MF 23 0 (2) 2010-2011
22%
16 Diego Reyes DF, MF 67 3 (0) 2015-2016, 2018-2019
22%
35 Jared Borgetti FW 19 2 (0) 2005-2006
22%
22 Carlos Salcedo DF 44 0 (1) 2016-2019
19%
33 Cuauhtémoc Blanco FW 23 3 (4) 2000-2002
19%
12 Guillermo Franco FW 104 19 (12) 2005-2010
19%
21 Diego Lainez MF, FW 55 0 (3) 2018-2022
16%
38 Efraín Juárez DF, MF 15 1 (0) 2011-2012
16%
18 Gerardo Torrado MF 59 0 (2) 2001-2005
16%
20 Javier Aquino DF, MF 56 1 (7) 2013-2015
16%
43 Orbelín Pineda MF, FW 7 0 (0) 2021-2022
16%
27 Pablo Barrera MF, FW 34 1 (0) 2010-2012
16%
41 Omar Bravo FW 9 1 (1) 2008-2009
13%
42 José Juan Macías MF, FW 7 0 (0) 2021-2022
9%
36 Nery Castillo DF, FW 18 2 (0) 2007-2008, 2013-2014
9%
29 Francisco Palencia MF, FW 30 6 (1) 2001-2002
6%
44 Manuel Vidrio DF 5 1 (0) 2002-2003
6%
28 Aarón Galindo DF 32 0 (0) 2007-2009
3%
37 Antonio de Nigris FW 15 2 (0) 2002-2003
0%
45 Javier Iturriaga MF 4 0 (0) 2006-2007
0%
47 Juan Ángel Seguro MF 2 0 (0) 2003-2004
0%
34 Lucas Lobos MF, FW 20 7 (2) 2005-2006
0%
40 Matías Alustiza FW 11 1 (0) 2009-2010
0%
No matching quizzes found
Score Distribution
Percent of People with Each Score
Percentile by Number Answered
Your Score History
You have not taken this quiz